|
|
|
|
| LEADER |
01110nam a2200217 a 4500 |
| 001 |
GR-MES13527 |
| 008 |
071018s gr 000 0 gre d |
| 040 |
|
|
|a GrPaTEI
|b gre
|c GR-PaULI
|
| 040 |
|
|
|a GrPaTEI
|b gre
|c GR-PaULI
|
| 082 |
|
0 |
|a 658
|2 21
|
| 100 |
1 |
|
|a Τσόλκα, Όλγα
|
| 245 |
1 |
0 |
|a Προβληματικές επιχειρήσεις :
|b πρέπει να κλείσουν ή να συνεχίσουν τη λειτουργία τους; /
|c Όλγα Τσόλκα ; Πρόλογος: Ι.Γ. Σχινά.
|
| 260 |
|
|
|a Αθήνα :
|b Αντ. Ν. Σάκκουλας,
|c 1987
|
| 300 |
|
|
|a 56σ. ;
|c 21εκ.
|
| 490 |
0 |
|
|a Μελέτες δικαίου των επιχειρήσεων ;
|v τ.1
|
| 504 |
|
|
|a Περιλαμβάνει βιβλιογραφία.
|
| 700 |
1 |
|
|a Σχινάς, Ιωάννης Γ.
|
| 942 |
|
|
|2 ddc
|
| 952 |
|
|
|0 0
|1 0
|2 ddc
|4 0
|6 658_000000000000000_ΤΣΟ
|7 0
|9 271973
|a MSLG
|b MSLG
|c BSC
|d 2021-01-17
|e 24
|f 0
|g 0.00
|l 0
|o 658 ΤΣΟ
|p 2420000011038
|r 2021-01-17 00:00:00
|t 1
|w 2021-01-17
|y BK15
|x 20071018 0 ΤΣΑΝΤΑΡΛΙΩΤΗ 1
|x GrPaTEI
|
| 971 |
|
|
|a .b25795764
|b 16-04-20
|c 13-09-16
|
| 999 |
|
|
|c 157226
|d 157226
|